| 000 | 01474nam a2200337 a 4500 | ||
|---|---|---|---|
| 001 | 000001801 | ||
| 005 | 20240430192052.0 | ||
| 008 | 090629s2008 cu abc 001 0 spa d | ||
| 020 | _a9789592113213 | ||
| 040 |
_aDO-SdBNP _bspa _cBNPHU |
||
| 082 |
_a327.12 _bE837b |
||
| 100 | 1 |
_aEtcheverry Vázquez, Pedro, _d1953- _95849 |
|
| 245 | 1 | 4 |
_aBandidismo : _bderrota de la CIA en Cuba / _cPedro Etcheverry Vázquez, Santiago Gutiérrez Oceguera ; edición Laura Álvarez Cruz. |
| 246 | 3 | 0 | _aDerrota de la CIA en Cuba |
| 260 |
_aLa Habana : _bCapitán San Luis, _c2008. |
||
| 300 |
_a354 p. : _bil., mapa, retrs. ; _c23 cm. |
||
| 500 | _aBandidismo: la más completa investigación sobre la guerra irregular que la CIA fomentó en Cuba durante los primeros años de la revolución | ||
| 500 | _aIncluye datos biográficos de los autores en la contracubierta | ||
| 610 | 2 | 4 |
_aESTADOS UNIDOS. _bAGENCIA CENTRAL DE INTELIGENCIA (CIA) _95850 |
| 651 | 4 |
_aEstados Unidos _xRelaciones Con Cuba _95832 |
|
| 651 | 4 |
_aCuba _xRelaciones Con Estados Unidos _95833 |
|
| 650 | 4 |
_aActividades subversivas _zCuba _95823 |
|
| 650 | 0 |
_aTerrorismo _93230 |
|
| 650 | 4 |
_aEspionaje _93233 |
|
| 651 | 4 |
_aCuba _xHistoria _yREVOLUCIÓN, 1959 _92456 |
|
| 650 | 4 |
_aDelito contra la paz _95851 |
|
| 651 | 4 |
_aCuba _xHistoria _xRelatos Personales _95852 |
|
| 700 | 1 |
_aGutiérrez Oceguera, Santiago _95853 |
|
| 700 | 1 |
_aÁlvarez Cruz, Laura _d1940- _eed. _95854 |
|
| 910 | _aValidado. Control de calidad. MMOLINA | ||
| 999 |
_c1678 _d1678 |
||